000 01756cam a22004454i 4500
003 PE-LiUPU
005 20250731173126.0
008 150623s1998 miu r 000 0 eng d
035 _a(Sirsi) a25936
040 _aPE-LiUPU
_bspa
_cPE-LiUPU
_erda
082 0 4 _a263.1
_bB12
_221
100 1 _aBacchiocchi, Samuele,
_eautor.
245 1 4 _aThe sabbath under crossfire :
_ba biblical analysis of recent sabbath/sunday developments /
_cSamuel Bacchiocchi.
264 1 _aBerrien Springs, Michigan :
_bBiblical Perspectives,
_c1998.
300 _a303 páginas ;
_c23 centímetros
336 _atext
_2rdacontent
337 _aunmediated
_2rdamedia
338 _avolume
_2rdacarrier
490 0 _aBiblical Perspectives ;
_v14
504 _aIncluye bibliografía.
505 0 _aPope John Paul II and the sabbath. The sabbath: creational or ceremonial?. The sabbath and the new covenant. The savior and the sabbath. Paul and the law. Paul and the sabbath. Rediscovering the sabbath.
526 _aSEG42
526 _aSEG41
526 _aSEG40
526 _aSEG39
526 _aP94
526 _aP87
526 _aP86
526 _aP85
526 _aP77
526 _aP76
526 _aP35
650 0 4 _aSábado bíblico
_xObservancia.
650 0 4 _aDomingo
_xLegislación civil (Papa Juan Pablo II).
942 _2ddc
_cBOOK
949 _a263.1 B12
_wDEWEY
_c1
_i51207
_lCCODEBUL1
_mBUL
_p10.00
_r0
_sY
_tBOOK
_u2015-06-24
_xTEOLOGIA
_PP35
_0COMPRA
_o.STAFF. Colección Teología
596 _a1
999 _a263.1 B12
_wDEWEY
_c32912
_i51207
_d32912
_e2016-10-7
_f2021-11-10
_g5
_lCCODEBUL1
_mBUL
_n1
_p10.00
_r0
_sY
_tBOOK
_u2015-6-24
_xTEOLOGIA
_PP35
_0COMPRA
_o.STAFF. Colección Teología
980 _81
_gALBERTO SANCHEZ Responsable de Automatización